ბათუმის შოთა რუსთაველის სახელმწიფო უნივერსიტეტის ბიბლიოთეკა

ვენეციისა და ფლორენციის დიპლომატია XIII-XV (ბიბ.ჩანაწერი № 36636)

000 -LEADER
fixed length control field 00637nam a2200193Ia 4500
001 - CONTROL NUMBER
control field 2556
003 - CONTROL NUMBER IDENTIFIER
control field GE_BSU
008 - FIXED-LENGTH DATA ELEMENTS--GENERAL INFORMATION
fixed length control field 181216s||||||||xx |||||||||||||| ||und||
040 ## - CATALOGING SOURCE
Transcribing agency GE_BSU
080 ## - UNIVERSAL DECIMAL CLASSIFICATION NUMBER
Universal Decimal Classification number 327(450.34)
100 ## - MAIN ENTRY--PERSONAL NAME
Personal name ხუბაშვილი,ია
245 ## - TITLE STATEMENT
Title ვენეციისა და ფლორენციის დიპლომატია XIII-XV
245 ## - TITLE STATEMENT
Statement of responsibility, etc. რედ.გ.კუტალია
260 ## - PUBLICATION, DISTRIBUTION, ETC.
Place of publication, distribution, etc. თბილისი
260 ## - PUBLICATION, DISTRIBUTION, ETC.
Date of publication, distribution, etc. 2004
300 ## - PHYSICAL DESCRIPTION
Extent 287გვ.
653 ## - INDEX TERM--UNCONTROLLED
Uncontrolled term ვენეციისა და ფლორენციის დიპლომატია
942 ## - ADDED ENTRY ELEMENTS (KOHA)
Koha item type წიგნი
ეგზემპლარები
Withdrawn status Lost status Damaged status Not for loan Date acquired Barcode Date last seen Price effective from Koha item type
        2018-12-17 1204 2018-12-17 2018-12-17 წიგნი